000 00764cam a22002411 4500
001 gs 52000047
003 DLC
005 20260227111358.0
008 770317s1951 dcub f00000 eng c
010 _ags 52000047 //r85
040 _aU.S. Geol. Survey. Libr.
_cak
043 _an-us-ak
050 1 _aQE75
_b.C5 no. 147
100 1 0 _aTwenhofel, William Stephens,
_d1918-
245 0 0 _aGeology of proposed Blue Lake dam site and tunnel near Sitka, Alaska.
260 0 _a[Washington]
_c1951.
300 _a4 p.
_bmaps (1 fold., in pocket)
_c26 cm.
490 1 _aGeological Survey circular 147
500 _aCover title.
650 0 _aGeology
_zAlaska
_zSitka district.
651 0 _a[Blue Lake Dam (Proposed)]
830 0 _aGeological Survey circular ;
_v147.
999 _c28612
_d28612